000 00370nam a2200157Ia 4500
003 Ost
005 20260225132542.0
008 260225s9999||||xx |||||||||||||| ||und||
040 _cfsic
041 _afre
082 _a384.54
100 _aBachir Hadj Ali
_eAuteur
245 0 _aLe mal de vivre et la volontè d'etre /
245 0 _cBachir Hadj Ali
942 _cكتاب
999 _c33574
_d33574